书目信息 |
| 题名: |
柏杨传奇
|
|
| 作者: | 覃贤茂 编著 | |
| 分册: | ||
| 出版信息: | 成都 四川人民出版社 1998.08 |
|
| 页数: | 336页 | |
| 开本: | 32开 | |
| 丛书名: | ||
| 单 册: | ||
| 中图分类: | K825.6 | |
| 科图分类: | ||
| 主题词: | 人物--传记--中国 | |
| 电子资源: | ||
| ISBN: | 7-220-04125-X | |
| 000 | 00544nam0 2200193 45 | |
| 001 | 0008091659 | |
| 005 | 20000809160838.0 | |
| 010 | @a7-220-04125-X@d19.00元 | |
| 100 | @a20000809d1998 km y0chiy0120 ea | |
| 101 | 0 | @achi |
| 105 | @a z 000yy | |
| 200 | 1 | @a柏杨传奇@ABai Yang Chuan Qi@f覃贤茂 编著@FTan Xian Mao Bian Zhu |
| 210 | @a成都@c四川人民出版社@d1998.08 | |
| 215 | @a336页@d32开 | |
| 606 | 0 | @a人物@x传记@x中国 |
| 690 | @aK825.6@v3 | |
| 701 | 0 | @a覃贤茂@4编著 |
| 801 | @aCN@bPftUser@c20000809 | |
| 905 | @b100911-915@dK825.6@eT516@f5 | |
| 柏杨传奇/覃贤茂 编著.-成都:四川人民出版社,1998.08 |
| 336页;32开 |
| ISBN 7-220-04125-X:19.00元 |
| ● |
| 相关链接 |
|
|
|
正题名:柏杨传奇
索取号:K825.6/T516
 
预约/预借
| 序号 | 登录号 | 条形码 | 馆藏地/架位号 | 状态 | 备注 |
| 1 | 100911 | 201009112 | 社科库309/309社科库 52排4列4层/ [索取号:K825.6/T516] | 在馆 | |
| 2 | 100912 | 201009121 | 自科二线404/309社科库 52排5列4层/ [索取号:K825.6/T516] | 在馆 | |
| 3 | 100913 | 201009130 | 自科二线404/309社科库 52排5列4层/ [索取号:K825.6/T516] | 在馆 | |
| 4 | 100914 | 201009149 | 社科库309/309社科库 52排4列4层/ [索取号:K825.6/T516] | 在馆 | |
| 5 | 100915 | 201009158 | 自科二线404/309社科库 52排5列4层/ [索取号:K825.6/T516] | 在馆 |